Per Aspera Ad Inferi lyrics Ghost - Statistics

General Stats
  • This quiz has been taken 49 times
  • The average score is 81 of 87
Answer Stats
lyrics % Correct
Ad
100%
Ad
100%
Ad
100%
Ad
100%
Ad
100%
Ad
100%
Ad
100%
Ad
100%
Ad
100%
Ad
100%
Ad
100%
Ad
100%
Aspera
100%
Aspera
100%
Aspera
100%
Aspera
100%
Aspera
100%
Aspera
100%
Aspera
100%
Aspera
100%
Aspera
100%
Aspera
100%
Aspera
100%
Aspera
100%
in
100%
in
100%
Inferi
100%
Inferi
100%
Inferi
100%
Inferi
100%
Inferi
100%
Inferi
100%
Inferi
100%
Inferi
100%
Inferi
100%
Inferi
100%
Inferi
100%
Inferi
100%
Per
100%
Per
100%
Per
100%
Per
100%
Per
100%
Per
100%
Per
100%
Per
100%
Per
100%
Per
100%
Per
100%
Per
100%
the
96%
not
93%
suffice
93%
Would
93%
your
93%
Your
93%
your
93%
your
93%
"Blasphemous"
89%
eyes
89%
Is
89%
Lucifer's
89%
Unholy
89%
beams
85%
dreams
85%
dreams
85%
dreams
85%
lust
85%
Perverted
85%
All
78%
All
78%
all
78%
come
78%
come
78%
desperate
78%
Hear
78%
Tanning
78%
true
78%
true
78%
will
78%
will
78%
call
74%
Devour
74%
Oh
74%
our
74%
Satan
74%
us
74%
No matching quizzes found
Score Distribution
Percent of People with Each Score
Percentile by Number Answered
Your Score History
You have not taken this quiz